| 000 | 00989nam a22002777a 4500 | ||
|---|---|---|---|
| 003 | dpl | ||
| 005 | 20180724134122.0 | ||
| 008 | 180724b xxu||||| |||| 00| 0 eng d | ||
| 010 | _aB-008981 | ||
| 020 |
_c70.00 _a8186116419 |
||
| 035 | _aB-008981, B-008985 | ||
| 037 | _bCen Lib/Ret | ||
| 040 |
_aDPL _bHN _c0 |
||
| 082 |
_aउ _bरणवी |
||
| 100 |
_aरणवीर सिंह राही _954349 |
||
| 245 |
_aतीसरा घर / _cरणवीर सिंह राही |
||
| 246 |
_aTeesara ghar / _bby Ranveer Singh Rahi |
||
| 260 |
_aजयपुर _bरचना प्रकाशन _c1999 |
||
| 270 |
_a57, नाटाणी भवन _bजयपुर _e302003 |
||
| 300 |
_a77पृ. _c21सेमी (सजिल्द) |
||
| 650 |
_aहिन्दी साहित्य _954350 |
||
| 650 |
_aउपन्यास _954351 |
||
| 650 |
_aHindi literature _954352 |
||
| 650 |
_aNovel _922513 |
||
| 942 |
_2ddc _cHN _hउ _mरणवी |
||
| 999 |
_c113901 _d113901 |
||